drivers license - Olivia Rodrigo (All Lyrics) - Statistics

General Stats
  • This quiz has been taken 97 times
  • The average score is 328 of 368
Answer Stats
Lyrics % Correct
drive
100%
driver's
100%
I
100%
last
100%
license
100%
we
100%
week
100%
you
100%
you,
100%
your
100%
about
98%
go
98%
got
98%
my
98%
talked
98%
To
98%
to
98%
always
97%
But
97%
but
97%
for
97%
like
97%
past
97%
the
97%
house
95%
in
95%
Just
95%
just
95%
me
95%
no
95%
so
95%
street
95%
that
95%
through
95%
were
95%
we're
95%
And
94%
'Cause
94%
'cause
94%
lights,
94%
still
94%
alone
92%
drove
92%
face
92%
how
92%
I'm
92%
know
92%
now
92%
one
92%
one,
92%
Red
92%
can't
90%
Can't
90%
said
90%
see
90%
weren't
90%
be
89%
could
89%
didn't
89%
do
89%
excited
89%
felt
89%
forever,
89%
I've
89%
love
89%
never
89%
perfect,
89%
suburbs
89%
this
89%
today,
89%
way
89%
gone
87%
mean
87%
okay
87%
signs
87%
stop
87%
up
87%
with
87%
you're
87%
finally
85%
imagine
85%
used
85%
Who
85%
all
84%
around
84%
ever
84%
fuckin'
84%
girl
84%
song
84%
what
84%
babe
82%
blonde
82%
friends
82%
wrote
82%
doubt
81%
much
81%
someone
81%
are
79%
Crying
79%
feel
79%
hear
79%
made
79%
probably
79%
miss
77%
oh
77%
She's
77%
else?
76%
Guess
76%
guess
76%
older
76%
places
76%
sorry
76%
than
76%
tired
76%
Yeah,
76%
everything
74%
Of
74%
home
73%
insecure
73%
them
73%
they'll
71%
driving
69%
hearing
69%
kinda
69%
was
69%
Over
68%
voice
68%
pictured
65%
noise
61%
white
61%
laughing
60%
blue,
58%
cars,
56%
front
56%
crossed
52%
(Ooh,
52%
ooh
52%
ooh,
52%
ooh)
52%
God,
50%
yards
50%
Sidewalks
47%
trafiic,
31%
No matching quizzes found
Score Distribution
Percent of People with Each Score
Percentile by Number Answered
Your Score History
You have not taken this quiz